| 000 | 00675nam a2200217Ia 4500 | ||
|---|---|---|---|
| 003 | GCL | ||
| 005 | 20240530104333.0 | ||
| 008 | 140319s9999 xx 000 0 ara d | ||
| 040 |
_aGCL / _cGCL |
||
| 082 | 0 | 4 |
_a550 _bف ف |
| 100 | 1 | _aالدمرداش عبدالمجيد سرحان | |
| 245 | 1 | 0 |
_aالله يتجلى فى عصر العلم / _cالدمرداش عبدالمجيد سرحان |
| 300 | _a170 ص | ||
| 650 | 0 | 4 | _aالله |
| 650 | 0 | 4 | _aالدين والعلم |
| 650 | 0 | 4 | _aالالوهية |
| 650 | 0 | 4 | _aاليقين |
| 700 | 1 | _aمحمد جمال الدين الفندى (مراجع) | |
| 700 | 1 | _aمونسما، جون كلوفر | |
| 942 |
_2ddc _cBK |
||
| 999 |
_c46600 _d46600 |
||